Los caminos de Juárez /

Gorde:
Xehetasun bibliografikoak
Egile nagusia: Henestrosa, Andrés (autor)
Formatua: Liburua
Hizkuntza:gaztelania
Argitaratua: México : Fondo de Cultura Económica, 1972, c1972
Saila:(Colección Popular ; 119)
Gaiak:
Etiketak: Etiketa erantsi
Etiketarik gabe, Izan zaitez lehena erregistro honi etiketa jartzen!

MARC

LEADER 00000nam^a2200000^a^4500
001 000102219
005 20250521000000.0
009 20260310093304.944
037 |a Acervo ITESO - Biblioteca 
041 |a ESP 
082 |a 972. 0511  |b HEN 
100 |a Henestrosa, Andrés  |e (autor) 
245 1 4 |a Los caminos de Juárez /  |c A. Henestrosa. 
264 4 |a México :  |b Fondo de Cultura Económica,  |c 1972, c1972 
300 |a 150 p. 
336 |a texto  |b txt  |2 rdacontenido 
337 |a sin mediación  |b n  |2 rdamedio 
338 |a volumen  |b nc  |2 rdasoporte 
440 1 |a (Colección Popular ;  |v 119) 
586 |a Premio Nacional de Ciencias y Artes, categoría Lingüística y Literatura (45°: 1994) 
649 |a XX 
650 |a Jefes de Estado Mexicanos -  |x Biografías 
650 |a Políticos Mexicanos -  |x Biografías 
650 |a Política -  |z México -  |x Historia -  |y Siglo XIX 
650 |a México -  |x Historia -  |y Siglo XIX 
650 |a Juárez, Benito -  |x Tema Principal 
910 |a Fondo Jesús Rodríguez 
920 |a Impresos - Libros 
930 |a Fondos Especiales 
905 |a 113 
901 |a 0500037554  |b IT2  |c ESP  |u 20250521 
902 |a https://opac.biblio.iteso.mx/vufind/Record/000102219